| 000 | 00348nam a2200121Ia 4500 | ||
|---|---|---|---|
| 008 | 180309s9999 xx 000 0 und d | ||
| 020 | _a749313137 | ||
| 100 | _aBrown, Sandra | ||
| 245 | _aFrench silk : | ||
| 260 |
_aUSA : _b1991 _cMandarin paper book |
||
| 300 | _ai, 470 pages | ||
| 650 | _aLingerie industry -- Louisiana -- New Orleans -- Fiction. | ||
| 999 |
_c356143 _d356143 |
||